000 00449nam a2200217 454500
001 061963
003 BD-ChCU
008 Eng
020 _ax
040 _aDLC
_cDLC
_dBD-ChCU
082 0 0 _a537/GRA
100 1 _aGray, Trumans.
_bx
245 1 0 _aApplied electronics.
_bx
250 _a2nd ed.
260 _aN.Y.
_bJohn Wiley
_c1968
300 _a881
504 _ax
650 0 _aPhysics
_bPhysics
700 1 _ax
942 _2ddc
_cBK
999 _c61963
_d61963